Ministros do Supremo Tribunal Federal - Statistics

Estatísticas Gerais
  • Esse quiz foi jogado 35 vezes
  • A pontuação média é 8 de 11
Estatísticas das Respostas
Indicações Ministros % Correto
Em 2017, por indicação de Michel Temer. O então ministro, foi promotor, Secretário da segurança Publica de São Paulo, e ministro da justiça. Alexandre de Moraes
90%
No mesmo ano, Lula indicou uma Ministra que antes atuou como Procuradora do Estado de Minas Gerais. Cármen Lúcia
90%
É o segundo mais antigo e ocupa a cadeira desde de 2002. Ele era chefe da AGU quando foi indicado por Fernando Henrique Cardoso. Gilmar Mendes
83%
Segunda indicação de Bolsonaro é um advogado e pastor presbiteriano brasileiro "terrivelmente evangélico" foi advogado -geral da União de 2019 a 2020 e ministro da Justiça e Segurança Pública de 2020 a 2021, no governo de Jair Bolsonaro. André Mendonça
80%
Também em 20011 Dilma indicou a ministra, então ministra do TST. Rosa Weber
80%
Em 2011, por indicação de Dilma Rosseff, o antes Juiz e Desembargador do TJ do Rio e ministro do STJ passou a integra a Corte. Luiz Fux
77%
Mais um indicado por Lula, e entrou no supremo em 2009, também era chefe da AGUquando foi indicado para a vaga. Dias Toffoli
73%
E, em 2015, também indicado por Dilma, que era professor e Advogado entrou para Corte. Edson Fachin
67%
Em 2013, o ministro que Dilma Rosseff indicou era advogado antes de exercer a atual função. Luís Roberto Barroso
63%
Primeira indicação de Bolsonaro a integrar o colegiado. Antes ele fazia parte do TRF da 1ª região quando foi escolhido para a vaga.. Nunes Marques
63%
O Ministro entrou na corte em 2006 por indicação de Luís Inacio Lula da Silvaantes de compor o Tribunal foi juiz e desembargador do TJ/SP. Ricardo Lewandowski
57%
Nenhum quiz correspondente encontrado
Distribuição das Pontuações
Porcentagem de Pessoas com Cada Pontuação
Percentil de Números Respondidos
Sua Pontuação Histórica
Você não jogou esse quiz